Molodosť Milana Štefanika

Bibliographic Details
Main Author: Vysloc'kyj, Ivan (Author)
Format: Book
Language:Ukrainian
PhysicalDescription:14 s. obr., portréty 22 cm
Published: Užhorod Užhorods'ke tovarystvo Slovakiv 2013
Edition:Perevydannja z roku 1924
Subjects:

MARC

LEADER 00000cam a2200000 a 4500
001 vtls010637135
003 SK-MaSNL
005 20260301175118.0
008 240314s2013 un ac g h 000 0bukr
015 |a SNBZSA2015 
035 |a 085C694A-407F-4DBE-B2D2-BCFFADEF5A90 
035 |a urn:nbn:sk:snk-aml3xe 
035 |a urn:nbn:sk:snk-am008kmt 
040 |a SNK  |b slo  |c SNK  |e AACR2 
041 0 |a ukr 
044 |a un  |c UA 
072 7 |a 32  |x Politika  |2 konspekt 
072 7 |a 929  |x Biografie  |2 konspekt 
080 |a 32-051  |2 2001 
080 |a 929  |2 2001 
080 |a (092)  |2 2001 
080 |a (036)  |2 2001 
100 1 |a Vysloc'kyj, Ivan  |4 aut  |9 548527 
245 1 0 |a Molodosť Milana Štefanika  |c Ivan Vyslockyj 
250 |a Perevydannja z roku 1924 
260 |a Užhorod  |b Užhorods'ke tovarystvo Slovakiv  |c 2013 
300 |a 14 s.  |b obr., portréty  |c 22 cm 
366 |e 300 výt. 
500 |a Reprint pôvodného vyd. z r. 1924 (Užhorod, Vydavnyctvo Ivana Vyslockoho) 
600 1 7 |a Štefánik, Milan Rastislav,  |d 1880-1919  |2 SNKMA  |9 86219 
655 7 |a biografie  |2 SNKPH  |9 27965 
655 7 |a informačné publikácie  |2 SNKPH  |9 70181 
655 7 |a Biography  |2 SNKPHeng  |9 266314 
655 7 |a Information publications  |2 SNKPHeng  |9 265188 
958 |a UA 
958 |a ZS 
958 |a BX 
999 |c 841749  |d 843679 
952 |a SNK  |b SNK  |y PREZ  |7 0  |p 17A1159604  |o snkSC 165019  |i snk2015/17916  |8 2  |g 3.00  |0 0  |1 0  |4 0  |d 2015-05-07  |f 1  |l 0  |r 2026-02-24 04:14:21  |w 2026-02-24